Pays frontaliers de la Hongrie - Statistiques

Statistiques générales
  • Ce quiz a été pris 25 724 fois
  • Le résultat moyen est 7 sur 7
Réponses sur la Carte
Les réponses sont colorées sur une échelle allant du rouge au vert en fonction du pourcentage des utilisateurs qui les ont devinées à leur premier essai. Vous pouvez retrouver ces pourcentages ci-dessous.
 
Statistiques - réponses
Pays % Correct
Autriche
97%
Slovaquie
95%
Roumanie
94%
Slovénie
94%
Croatie
93%
Serbie
92%
Ukraine
90%
Aucun quiz correspondant
Distribution des résultats
% des personnes avec chaque résultat
Percentile par nombre de réponses
Votre historique - résultats
Vous n’avez pas pris ce quiz